| 000 | 00629nam a22001817a 4500 | ||
|---|---|---|---|
| 005 | 20250114103543.0 | ||
| 008 | 250114b |||||||| |||| 00| 0 eng d | ||
| 020 | _a9788119365647 | ||
| 082 | _aDC 647.95068 F739 2024 | ||
| 245 |
_aFood service management / _cedited by Bismarck Fernandes. |
||
| 260 |
_aIndia : _bDiscovery publishing house, _c©2024. |
||
| 300 |
_av, 250 pages : _billustrations ; _c24 cm. |
||
| 500 | _aIncludes references and index. | ||
| 650 | 0 |
_aFood service management. _964502 |
|
| 650 | 0 |
_aHospitality industry _xManagement. _964503 |
|
| 700 |
_aFernandes, Bismarck. _964499 _eeditor. |
||
| 942 |
_2ddc _cDC |
||
| 999 |
_c23302 _d23302 |
||